15 najbardziej dotkniętych krajów Covid-19 - 19 czerwca - Statystyki

Ogólne statystyki
  • Ten quiz został rozwiązany 66 razy
  • Średni wynik to 11 z 27
Statystyki odpowiedzi
kraj % Poprawnych
Stany Zjednoczone
94%
Niemcy
90%
Francja
87%
Rosja
83%
Hiszpania
79%
Włochy
79%
Brazylia
71%
Wielka Brytania
71%
Meksyk
60%
Indie
54%
Szwecja
52%
Turcja
46%
Peru
33%
Iran
30%
Chile
29%
Chile
29%
Belgia
24%
Białoruś
24%
Irlandia
24%
Pakistan
22%
Kuwejt
6%
Panama
6%
Katar
5%
Oman
5%
Singapur
5%
Armenia
2%
Bahrajn
2%
Nie znaleziono quizów pasujących do podanych kryteriów
Rozkład punktacji
Procent ludzi z każdym wynikiem
Percentyl według liczby udzielonych odpowiedzi
Twoja historia wyników
Nie rozwiązałeś tego quizu